[Event "DEM U12/U12w 2014"]
[Site "Magdeburg GER"]
[Date "2014.06.09"]
[Round "3"]
[White "Mantel, Ruben"]
[Black "Hüls, Maximilian"]
[Result "1-0"]
[Termination "normal"]
[Board "23"]
[WhiteElo "1645"]
[BlackElo "1638"]
[PlyCount "161"]
[WhiteFideId "12930121"]
[BlackFideId "12949698"]
[EventCountry "GER"]
[EventRounds "11"]
[EventType "swiss"]
[EventDate "2014.06.07"]

1. d4 d5 2. Nf3 f5 3. c4 e6 4. Nc3 c6 5. Bf4 Nf6 6. e3 Bd6 7. Ne5 O-O 8. Bd3
Ne4 9. g4 Qh4 10. Qc2 Nd7 11. gxf5 Bxe5 12. dxe5 exf5 13. cxd5 cxd5 14. Nxd5
Ndc5 15. Bxe4 Nxe4 16. Rg1 Be6 17. Nf6+ Nxf6 18. exf6 Qxf6 19. Qc3 Qxc3+ 20.
bxc3 Rac8 21. Be5 g6 22. Bd4 b6 23. a3 Bc4 24. f4 Bd3 25. Kf2 Rfd8 26. Rgd1 Be4
27. Ra2 Rd5 28. Rb2 Kf7 29. Rb4 Rb8 30. Rc4 Rd7 31. Rd2 Ke6 32. Rb2 Bd5 33. Ra4
Bc6 34. Rab4 Kf7 35. c4 Ke6 36. Ke2 Ke7 37. Kd3 Ke6 38. Kc3 Rg8 39. c5 b5 40.
Be5 a5 41. Rd4 Rgd8 42. Rbd2 Rd5 43. Bd6 Rd7 44. e4 Rxd4 45. exf5+ Kxf5 46.
Kxd4 Rd8 47. Re2 h6 48. h3 g5 49. Re5+ Kf6 50. fxg5+ hxg5 51. Re7 Kf5 52. Rf7+
Ke6 53. Rc7 Ba8 54. Ra7 a4 55. Rh7 Kf6 56. Kc3 Re8 57. Kb4 Bc6 58. Rc7 Re4+ 59.
Ka5 Be8 60. Kb6 Re6 61. Kb7 Kf5 62. Re7 Rxe7+ 63. Bxe7 Ke6 64. Bxg5 Kd5 65. Be7
Bd7 66. h4 Be8 67. h5 Bxh5 68. c6 Bg4 69. c7 Kc4 70. c8=Q+ Bxc8+ 71. Kxc8 Kb3
72. Kc7 b4 73. Bxb4 Kc4 74. Kc6 Kd4 75. Kb5 Kd5 76. Bf8 Ke6 77. Kxa4 Kd7 78.
Ka5 Kc7 79. Bd6+ Kxd6 80. Kb6 Kd5 81. a4 1-0

[Event "DEM U12/U12w 2014"]
[Site "Magdeburg GER"]
[Date "2014.06.09"]
[Round "3"]
[White "Schallner, Marc"]
[Black "Wenzel, Calvin"]
[Result "1-0"]
[Termination "normal"]
[Board "24"]
[WhiteElo "1668"]
[BlackElo "1432"]
[PlyCount "117"]
[WhiteFideId "12971243"]
[BlackFideId "12973920"]
[EventCountry "GER"]
[EventRounds "11"]
[EventType "swiss"]
[EventDate "2014.06.07"]

1. e4 e5 2. Nf3 Nc6 3. Bc4 Bc5 4. c3 Nf6 5. d4 exd4 6. cxd4 Bb4+ 7. Bd2 Bxd2+
8. Nbxd2 d5 9. exd5 Nxd5 10. O-O O-O 11. Ne4 Be6 12. Bb3 h6 13. Nc5 Qc8 14. Re1
Re8 15. Ba4 Bd7 16. Qb3 Nf6 17. Qxb7 Qxb7 18. Nxb7 Nxd4 19. Nxd4 Bxa4 20. Nc5
Bd7 21. Nxd7 Nxd7 22. Nc6 a5 23. f3 Nf6 24. Rad1 Kf8 25. Kf2 Rxe1 26. Kxe1 a4
27. Rd8+ Rxd8 28. Nxd8 Ke7 29. Nb7 Nh5 30. g3 Nf6 31. Nc5 a3 32. bxa3 Nd5 33.
Kd2 Kd6 34. Ne4+ Kc6 35. Kd3 f5 36. Nc3 Nxc3 37. Kxc3 Kb5 38. Kd4 g5 39. f4 c5+
40. Kc3 gxf4 41. gxf4 h5 42. h4 Kc6 43. Kc4 Kb6 44. a4 Ka5 45. Kxc5 Kxa4 46.
Kd5 Ka3 47. Ke5 Kxa2 48. Kxf5 Kb3 49. Ke6 Kc4 50. f5 Kd4 51. f6 Ke4 52. f7 Kf4
53. f8=Q+ Kg4 54. Qf6 Kh3 55. Qg5 Kh2 56. Kf5 Kh3 57. Kf4 Kh2 58. Kf3 Kh3 59.
Qg3# 1-0

[Event "DEM U12/U12w 2014"]
[Site "Magdeburg GER"]
[Date "2014.06.09"]
[Round "3"]
[White "Wagner, Benjamin"]
[Black "Bosselmann, Tom Linus"]
[Result "1-0"]
[Termination "normal"]
[Board "25"]
[WhiteElo "1634"]
[BlackElo "1430"]
[PlyCount "59"]
[WhiteFideId "12957330"]
[BlackFideId "12983845"]
[EventCountry "GER"]
[EventRounds "11"]
[EventType "swiss"]
[EventDate "2014.06.07"]

1. e4 c5 2. Nf3 e6 3. d4 cxd4 4. Nxd4 a6 5. Bd3 Qb6 6. Nb3 Qc7 7. O-O Nf6 8. f4
d6 9. Be3 Be7 10. Qf3 b6 11. N1d2 Bb7 12. Qg3 h5 13. e5 Ng4 14. Bd4 Nd7 15. h3
dxe5 16. fxe5 Ndxe5 17. hxg4 Bd6 18. Qh4 Nxg4 19. Nf3 e5 20. Rae1 Be7 21. Qg3
f6 22. Bg6+ Kd8 23. Bc3 Bc5+ 24. Nxc5 Qxc5+ 25. Kh1 Ne3 26. Rf2 e4 27. Nd4 Bd5
28. Rd2 Ke7 29. Qxe3 Be6 30. Qxe4 1-0

[Event "DEM U12/U12w 2014"]
[Site "Magdeburg GER"]
[Date "2014.06.09"]
[Round "3"]
[White "Wastian, Mareike"]
[Black "Hoffmann, Lennard"]
[Result "0-1"]
[Termination "normal"]
[Board "26"]
[WhiteElo "1571"]
[BlackElo "1801"]
[PlyCount "62"]
[WhiteFideId "12947423"]
[BlackFideId "12943495"]
[EventCountry "GER"]
[EventRounds "11"]
[EventType "swiss"]
[EventDate "2014.06.07"]

1. e4 c5 2. d4 cxd4 3. c3 dxc3 4. Nxc3 d6 5. Bc4 Nf6 6. e5 Qc7 7. Bb5+ Nfd7 8.
exd6 Qxd6 9. Qc2 e5 10. Nf3 Be7 11. O-O O-O 12. Bd3 h6 13. Rd1 Qc7 14. Qe2 Nc6
15. Nd5 Qd8 16. h3 b6 17. Bc2 Bc5 18. Ne3 a5 19. Nh2 Nd4 20. Qd3 Nf6 21. Neg4
e4 22. Qd2 Bf5 23. Ne3 Qc8 24. Nxf5 Qxf5 25. Rf1 Rad8 26. Kh1 Nb3 27. Qc3 Nxa1
28. g4 Qd5 29. Rd1 Bd4 30. Qg3 e3+ 31. Kg1 exf2+ 0-1

[Event "DEM U12/U12w 2014"]
[Site "Magdeburg GER"]
[Date "2014.06.09"]
[Round "3"]
[White "Gheng, Dominik"]
[Black "Arnold, Leander"]
[Result "1/2-1/2"]
[Termination "normal"]
[Board "27"]
[WhiteElo "1556"]
[BlackElo "1402"]
[PlyCount "81"]
[WhiteFideId "12906778"]
[BlackFideId "12990230"]
[EventCountry "GER"]
[EventRounds "11"]
[EventType "swiss"]
[EventDate "2014.06.07"]

1. e4 e6 2. d4 d5 3. Nd2 Nf6 4. e5 Nfd7 5. f4 c5 6. c3 Nc6 7. Ndf3 Qb6 8. Ne2
Be7 9. g3 O-O 10. Bh3 Re8 11. Qc2 Nf8 12. f5 f6 13. fxe6 fxe5 14. dxe5 Bxe6 15.
Bxe6+ Nxe6 16. Qf5 Ncd8 17. Qd3 Qc6 18. Nf4 Nxf4 19. gxf4 c4 20. Qe2 Rf8 21.
Nd4 Qd7 22. Rg1 Ne6 23. Qg4 Bc5 24. Be3 Bxd4 25. cxd4 Qf7 26. Ke2 Qf5 27. Qxf5
Rxf5 28. Raf1 Raf8 29. Rg4 R8f7 30. h4 b5 31. Kd2 a5 32. Rg3 Kf8 33. a3 Ke8 34.
Kc3 Ra7 35. Rgf3 Kd7 36. Rg3 Kc7 37. Rfg1 Kc6 38. h5 Raf7 39. h6 g6 40. b4 a4
41. Rg4 1/2-1/2

[Event "DEM U12/U12w 2014"]
[Site "Magdeburg GER"]
[Date "2014.06.09"]
[Round "3"]
[White "Schäfer, Nicolas"]
[Black "Lieberwirth, Kasimir"]
[Result "0-1"]
[Termination "normal"]
[Board "28"]
[WhiteElo "1337"]
[BlackElo "1628"]
[PlyCount "76"]
[WhiteFideId "12988901"]
[BlackFideId "12988146"]
[EventCountry "GER"]
[EventRounds "11"]
[EventType "swiss"]
[EventDate "2014.06.07"]

1. Nf3 Nf6 2. c4 g6 3. g3 Bg7 4. Bg2 d5 5. d4 O-O 6. Nc3 e6 7. O-O b6 8. Qc2
Ba6 9. cxd5 Nxd5 10. Nxd5 exd5 11. b3 Re8 12. Re1 Nd7 13. Bb2 c5 14. Rad1 c4
15. e4 cxb3 16. axb3 Rc8 17. Qb1 dxe4 18. Rxe4 Rxe4 19. Qxe4 Nc5 20. Qe3 Ne6
21. Qd2 Qf6 22. Ne5 Qf5 23. Nc6 Rc7 24. d5 Nc5 25. d6 Rxc6 26. Bxc6 Bxb2 27.
Qxb2 Nd7 28. Re1 Nf6 29. Qa3 Ng4 30. Re8+ Kg7 31. Qb2+ Kh6 32. Qc1+ g5 33. f4
Qd3 34. fxg5+ Kh5 35. Kg2 Qxd6 36. Qf4 Qxc6+ 37. Qe4 Qxe4+ 38. Rxe4 Bb7 0-1

[Event "DEM U12/U12w 2014"]
[Site "Magdeburg GER"]
[Date "2014.06.09"]
[Round "3"]
[White "Huber, Benedikt"]
[Black "Paulweber, Lara Maria"]
[Result "1-0"]
[Termination "normal"]
[Board "29"]
[WhiteElo "1719"]
[BlackElo "1386"]
[PlyCount "43"]
[WhiteFideId "12923583"]
[BlackFideId "12954411"]
[EventCountry "GER"]
[EventRounds "11"]
[EventType "swiss"]
[EventDate "2014.06.07"]

1. d4 e6 2. Nc3 d5 3. Bf4 c5 4. e3 Nc6 5. Nb5 e5 6. dxe5 Be6 7. Nf3 a6 8. Nc3
Nge7 9. Ng5 Ng6 10. Nxe6 fxe6 11. Qh5 d4 12. Bd3 dxe3 13. Bxg6+ hxg6 14. Qxg6+
Kd7 15. O-O-O+ Nd4 16. fxe3 Rh6 17. Bxh6 gxh6 18. exd4 Qg5+ 19. Qxg5 hxg5 20.
dxc5+ Kc6 21. Ne4 Be7 22. b4 1-0

[Event "DEM U12/U12w 2014"]
[Site "Magdeburg GER"]
[Date "2014.06.09"]
[Round "3"]
[White "Kose, Robert Paul"]
[Black "Röhr, Tobias"]
[Result "0-1"]
[Termination "normal"]
[Board "30"]
[WhiteElo "1267"]
[BlackElo "1588"]
[PlyCount "48"]
[WhiteFideId "12982067"]
[BlackFideId "12963089"]
[EventCountry "GER"]
[EventRounds "11"]
[EventType "swiss"]
[EventDate "2014.06.07"]

1. e4 e5 2. Nf3 Nc6 3. d4 exd4 4. Bc4 Nf6 5. O-O Nxe4 6. Re1 d5 7. Bxd5 Qxd5 8.
Nc3 Qf5 9. Nxe4 Be6 10. Neg5 O-O-O 11. Nxe6 fxe6 12. Qe2 e5 13. Nxe5 Re8 14. f4
Bb4 15. Qe4 Qh5 16. Re2 g5 17. Qf5+ Kb8 18. Nxc6+ bxc6 19. Rxe8+ Rxe8 20. Qd3
Re1+ 21. Kf2 Rd1 22. Qe2 Be1+ 23. Qxe1 Qh4+ 24. g3 Qxh2+ 0-1

[Event "DEM U12/U12w 2014"]
[Site "Magdeburg GER"]
[Date "2014.06.09"]
[Round "3"]
[White "Liebeck, Eddie"]
[Black "Bui, Ngoc Han Julia"]
[Result "0-1"]
[Termination "normal"]
[Board "31"]
[WhiteElo "1676"]
[BlackElo "1446"]
[PlyCount "104"]
[WhiteFideId "12945854"]
[BlackFideId "12977055"]
[EventCountry "GER"]
[EventRounds "11"]
[EventType "swiss"]
[EventDate "2014.06.07"]

1. d4 Nf6 2. c4 g6 3. Nc3 d5 4. Nf3 Bg7 5. Bf4 O-O 6. Nxd5 Nxd5 7. cxd5 Qxd5 8.
Bxc7 Bf5 9. e3 Nc6 10. a3 Rac8 11. Bf4 Na5 12. Nd2 Rc2 13. Rc1 Rfc8 14. Rxc2
Rxc2 15. Be2 Rxb2 16. Bf3 Qa2 17. e4 Bd7 18. O-O Bxd4 19. Nb1 Bxf2+ 20. Kh1 Qc4
21. Nd2 Qc5 22. Bh6 Bd4 23. h4 Qc2 24. Qa1 Nb3 25. Nxb3 Qxb3 26. Bd1 Qb6 27.
Qc1 Bg7 28. Qc4 Rf2 29. Bxg7 Rxf1+ 30. Qxf1 Kxg7 31. h5 Qf6 32. Qe1 b5 33. g4
Qf4 34. Qc3+ f6 35. Qb4 Qd6 36. Qb3 Be6 37. Qf3 a5 38. hxg6 hxg6 39. Bc2 Qe5
40. Qd3 Bxg4 41. Bb3 Be6 42. Bxe6 Qxe6 43. Qxb5 Qxe4+ 44. Kg1 Qe3+ 45. Kf1 Qxa3
46. Ke2 Qb4 47. Qd7 a4 48. Kd1 a3 49. Kc1 a2 50. Qa7 Qc3+ 51. Kd1 a1=Q+ 52.
Qxa1 Qxa1+ 0-1

[Event "DEM U12/U12w 2014"]
[Site "Magdeburg GER"]
[Date "2014.06.09"]
[Round "3"]
[White "Santos, Leonardo"]
[Black "Kirsten, Annika"]
[Result "1-0"]
[Termination "normal"]
[Board "32"]
[WhiteElo "1451"]
[BlackElo "1323"]
[PlyCount "86"]
[WhiteFideId "12965049"]
[BlackFideId "12961124"]
[EventCountry "GER"]
[EventRounds "11"]
[EventType "swiss"]
[EventDate "2014.06.07"]

1. e4 c5 2. Nc3 d6 3. f4 g6 4. Nf3 Bg7 5. Bc4 Nc6 6. d3 Bd7 7. O-O Qc7 8. Kh1
Nf6 9. e5 dxe5 10. fxe5 Nxe5 11. Bf4 Nh5 12. Nxe5 Bxe5 13. Bxf7+ Kd8 14. Bxe5
Qxe5 15. Bd5 Rb8 16. Qd2 b5 17. Rae1 Qd6 18. Bf3 Nf6 19. Ne4 Nxe4 20. Rxe4 Bf5
21. Re2 h5 22. Qa5+ Qb6 23. Qc3 Kd7 24. Rfe1 Rh7 25. d4 Qc7 26. dxc5 Bg4 27.
c6+ Kd8 28. h3 Kc8 29. Qb3 e6 30. Bxg4 hxg4 31. Qxe6+ Rd7 32. Qxd7+ Qxd7 33.
cxd7+ Kxd7 34. Re7+ Kd6 35. R1e6+ Kd5 36. hxg4 Rf8 37. Rxg6 Rf2 38. Rc7 Ke4 39.
Kg1 Ke3 40. Re6+ Kf4 41. Kxf2 b4 42. Rc5 b3 43. Ra6 Ke4 1-0

[Event "DEM U12/U12w 2014"]
[Site "Magdeburg GER"]
[Date "2014.06.09"]
[Round "3"]
[White "Biermann, Lenhard"]
[Black "Rapp, Lukas"]
[Result "1-0"]
[Termination "normal"]
[Board "33"]
[WhiteElo "1535"]
[BlackElo "1216"]
[PlyCount "77"]
[WhiteFideId "12970077"]
[BlackFideId "12989320"]
[EventCountry "GER"]
[EventRounds "11"]
[EventType "swiss"]
[EventDate "2014.06.07"]

1. d4 Nf6 2. c4 g6 3. Nc3 Bg7 4. Nf3 d6 5. Bf4 Bg4 6. h3 Bxf3 7. exf3 Nbd7 8.
Be2 O-O 9. O-O e5 10. dxe5 Nxe5 11. Qc2 Re8 12. Rad1 Qe7 13. Rfe1 Rad8 14. Bg5
h6 15. Nd5 Qd7 16. Nxf6+ Bxf6 17. Bxf6 Rb8 18. Bxe5 Rxe5 19. Bf1 Rbe8 20. Rxe5
Rxe5 21. Rd2 Kh7 22. Re2 Qe7 23. Rxe5 Qxe5 24. Qe2 Qf6 25. b3 Qe6 26. Qxe6 fxe6
27. Bd3 Kg7 28. Kh2 h5 29. h4 Kf6 30. f4 c6 31. Kg3 d5 32. Kf3 b6 33. Ke3 c5
34. f3 a6 35. cxd5 exd5 36. Bxa6 d4+ 37. Ke4 Ke6 38. Bc4+ Kd6 39. f5 1-0

[Event "DEM U12/U12w 2014"]
[Site "Magdeburg GER"]
[Date "2014.06.09"]
[Round "3"]
[White "Reuker, Ronja"]
[Black "Mix, Clemens"]
[Result "0-1"]
[Termination "normal"]
[Board "34"]
[WhiteElo "945"]
[BlackElo "1474"]
[PlyCount "66"]
[WhiteFideId "12947172"]
[BlackFideId "12987921"]
[EventCountry "GER"]
[EventRounds "11"]
[EventType "swiss"]
[EventDate "2014.06.07"]

1. e4 Nf6 2. e5 Nd5 3. Bc4 Nb6 4. Bb3 d6 5. exd6 exd6 6. Nf3 Be7 7. Nc3 O-O 8.
d4 Bf6 9. O-O Nc6 10. Be3 Bg4 11. d5 Ne5 12. Ne4 Nxf3+ 13. gxf3 Bh3 14. Re1
Bxb2 15. Rb1 Be5 16. Qd3 Bf5 17. c4 Qh4 18. f4 Bxf4 19. Bxf4 Qxf4 20. Qe3 Qxe3
21. Rxe3 Rfe8 22. Rbe1 Bxe4 23. Rxe4 Kf8 24. Bc2 Rxe4 25. Rxe4 Re8 26. Rh4 h6
27. Bd3 Nd7 28. Rf4 Re1+ 29. Kg2 Ne5 30. Bc2 Ke7 31. f3 Re2+ 32. Kg3 Rxc2 33.
Re4 Rxc4 0-1

[Event "DEM U12/U12w 2014"]
[Site "Magdeburg GER"]
[Date "2014.06.09"]
[Round "3"]
[White "Garbuz, Nicole"]
[Black "Hermanns, Till"]
[Result "0-1"]
[Termination "normal"]
[Board "35"]
[WhiteElo "1389"]
[BlackElo "1449"]
[PlyCount "61"]
[WhiteFideId "12990701"]
[BlackFideId "12972347"]
[EventCountry "GER"]
[EventRounds "11"]
[EventType "swiss"]
[EventDate "2014.06.07"]

1. e4 e6 2. d4 d5 3. exd5 exd5 4. Bd3 Nf6 5. Bg5 Be7 6. Nc3 c6 7. Nge2 O-O 8.
Qd2 Be6 9. O-O-O Ng4 10. Bxe7 Qxe7 11. Nf4 Re8 12. h3 Nf6 13. Rde1 Qd6 14. g4
Nfd7 15. g5 Nf8 16. h4 Nbd7 17. h5 f6 18. Rhg1 fxg5 19. Rxg5 Nf6 20. Reg1 Re7
21. f3 Rd8 22. Qh2 Rdd7 23. Qd2 Rc7 24. Kb1 Bc8 25. Bf5 h6 26. R5g3 Bxf5 27. a3
N8h7 28. Qh2 Ng5 29. Ng6 Bxg6 30. hxg6 Kf8 31. Qh3 0-1

[Event "DEM U12/U12w 2014"]
[Site "Magdeburg GER"]
[Date "2014.06.09"]
[Round "3"]
[White "Wurst, Benedikt"]
[Black "Ruppert, Paula"]
[Result "0-1"]
[Termination "normal"]
[Board "37"]
[WhiteElo "1403"]
[BlackElo "1202"]
[PlyCount "56"]
[WhiteFideId "12991791"]
[BlackFideId "12979996"]
[EventCountry "GER"]
[EventRounds "11"]
[EventType "swiss"]
[EventDate "2014.06.07"]

1. e4 d5 2. exd5 Qxd5 3. Nc3 Qd6 4. Nf3 Nf6 5. Bc4 a6 6. d3 b5 7. Bb3 Bb7 8.
O-O Nbd7 9. Ng5 e6 10. Nge4 Qc6 11. f3 Bb4 12. Bd2 O-O 13. Nd5 Nxd5 14. Bxd5
Bc5+ 15. Kh1 Qxd5 16. Nxc5 Qxc5 17. Bc3 b4 18. d4 Qb6 19. Be1 Rfd8 20. Bf2 Qc6
21. Be3 Ne5 22. b3 Ng4 23. Bg1 e5 24. Qe2 Nf6 25. dxe5 Re8 26. f4 Nh5 27. Rf2
Qh6 28. Qg4 Re6 0-1

[Event "DEM U12/U12w 2014"]
[Site "Magdeburg GER"]
[Date "2014.06.09"]
[Round "3"]
[White "Eulitz, Charlotte"]
[Black "Fesselier, Chelsea"]
[Result "0-1"]
[Termination "normal"]
[Board "38"]
[WhiteElo "1191"]
[BlackElo "1454"]
[PlyCount "100"]
[WhiteFideId "12964654"]
[BlackFideId "26024624"]
[EventCountry "GER"]
[EventRounds "11"]
[EventType "swiss"]
[EventDate "2014.06.07"]

1. e4 c5 2. Nf3 e6 3. d4 cxd4 4. Nxd4 a6 5. Nc3 b5 6. Be3 Bb7 7. Bd3 d6 8. O-O
Nf6 9. f4 Nbd7 10. a3 Be7 11. b4 O-O 12. Qf3 Rc8 13. Nce2 Re8 14. Rac1 Nb6 15.
Ng3 Nc4 16. Ra1 Bf8 17. Rfe1 g6 18. Qf1 e5 19. fxe5 dxe5 20. Nb3 Nxe3 21. Rxe3
Qb6 22. Kh1 Qxe3 23. Qxf6 Bg7 24. Qf1 Qf4 25. Qe2 Qf6 26. c4 Qe6 27. Rc1 bxc4
28. Bxc4 Qb6 29. Qf3 Rf8 30. Qf1 Rcd8 31. Qe2 Bh6 32. Rc3 Rd6 33. Rf3 Bf4 34.
Nc5 Bxg3 35. hxg3 Bc8 36. Qf1 Qa7 37. Kh2 Kg7 38. Qf2 Qe7 39. Qe3 f6 40. Qf2
Rfd8 41. Nb3 Be6 42. Bf1 Bxb3 43. Rxb3 Qb7 44. Qf3 Qb6 45. Rc3 Rc6 46. Rb3 Rc1
47. Rb2 Rdd1 48. Rf2 Rd6 49. Kh3 Qc6 50. g4 Rc3 0-1

[Event "DEM U12/U12w 2014"]
[Site "Magdeburg GER"]
[Date "2014.06.09"]
[Round "3"]
[White "Voß, Henrike"]
[Black "Weiten, Teresa"]
[Result "1-0"]
[Termination "normal"]
[Board "39"]
[WhiteElo "1456"]
[BlackElo "1137"]
[PlyCount "102"]
[WhiteFideId "12971910"]
[BlackFideId "12971944"]
[EventCountry "GER"]
[EventRounds "11"]
[EventType "swiss"]
[EventDate "2014.06.07"]

1. e4 e5 2. Nf3 Nc6 3. d4 exd4 4. Bc4 Nf6 5. O-O Nxe4 6. Re1 d5 7. Bxd5 Qxd5 8.
Nc3 Qa5 9. Nxe4 Be6 10. Neg5 O-O-O 11. Nxe6 fxe6 12. Rxe6 Bd6 13. Qe2 h6 14.
Bd2 Qh5 15. h3 Qf7 16. Re1 Rhf8 17. a4 Qf5 18. Qc4 Ne7 19. Rxd6 Rxd6 20. Rxe7
Rc6 21. Qe2 Rd6 22. Bb4 Rdd8 23. Re5 Qd7 24. Bxf8 Rxf8 25. b3 b6 26. Qe4 Kb8
27. Nxd4 c5 28. Nc6+ Kc8 29. Re7 Qd1+ 30. Qe1 Qxe1+ 31. Rxe1 Kb7 32. Ne5 Re8
33. f4 Kc7 34. Kf2 Rf8 35. g3 g5 36. Kf3 gxf4 37. gxf4 Re8 38. Re4 h5 39. c3 a6
40. b4 cxb4 41. cxb4 a5 42. bxa5 bxa5 43. f5 Rf8 44. Kf4 Kd6 45. Nc4+ Kc5 46.
Nxa5 Kb6 47. Nc4+ Ka6 48. Re6+ Ka7 49. f6 Kb7 50. Ne5 h4 51. f7 Kc7 1-0

[Event "DEM U12/U12w 2014"]
[Site "Magdeburg GER"]
[Date "2014.06.09"]
[Round "3"]
[White "Kukulina, Sonja"]
[Black "Wienhold, Nadine"]
[Result "1-0"]
[Termination "normal"]
[Board "40"]
[WhiteElo "1162"]
[BlackElo "1342"]
[PlyCount "63"]
[WhiteFideId "12977047"]
[BlackFideId "12964514"]
[EventCountry "GER"]
[EventRounds "11"]
[EventType "swiss"]
[EventDate "2014.06.07"]

1. e4 c5 2. Nf3 g6 3. d4 cxd4 4. Nxd4 Bg7 5. Nc3 Nc6 6. Be3 Nf6 7. f3 O-O 8.
Bc4 Qa5 9. Qd2 Qb4 10. Bb3 Nxe4 11. Nxc6 Qxc3 12. Nxe7+ Kh8 13. bxc3 Bxc3 14.
Qxc3+ Nxc3 15. Bd4+ f6 16. Bxc3 d6 17. g4 Bxg4 18. fxg4 g5 19. O-O Kg7 20. Nf5+
Kg6 21. Nxd6 b6 22. Rf2 Rad8 23. Ne4 f5 24. gxf5+ Rxf5 25. Rxf5 Kxf5 26. Ng3+
Kg4 27. Be6+ Kh4 28. Re1 g4 29. Re5 Rd1+ 30. Kg2 Rg1+ 31. Kxg1 Kh3 32. Rh5# 1-0

[Event "DEM U12/U12w 2014"]
[Site "Magdeburg GER"]
[Date "2014.06.09"]
[Round "3"]
[White "Ziegenfuß, Larissa"]
[Black "Fricke, Edna Marlene"]
[Result "1-0"]
[Termination "normal"]
[Board "41"]
[WhiteElo "1587"]
[BlackElo "1081"]
[PlyCount "79"]
[WhiteFideId "12974722"]
[BlackFideId "12988839"]
[EventCountry "GER"]
[EventRounds "11"]
[EventType "swiss"]
[EventDate "2014.06.07"]

1. d4 c5 2. e3 d6 3. g3 g6 4. Bg2 Bg7 5. Ne2 Nf6 6. O-O O-O 7. c4 a6 8. Nbc3
Bd7 9. Bxb7 Ra7 10. Bg2 Qc8 11. Re1 Bc6 12. d5 Bd7 13. e4 a5 14. Bg5 Re8 15.
Qd2 Ng4 16. f3 Nf6 17. Be3 Na6 18. a3 Rb7 19. Qc2 Rb8 20. Rad1 Rd8 21. Bg5 Re8
22. Bxf6 Bxf6 23. Nf4 Bg7 24. Nd3 Bd4+ 25. Kh1 Bg7 26. e5 dxe5 27. Nxe5 Bf5 28.
Qd2 Rf8 29. Nc6 Rb7 30. Nxe7+ Rxe7 31. Rxe7 Qd8 32. Ree1 Nc7 33. d6 Na8 34. Na4
Nb6 35. Nxb6 Qxb6 36. d7 Rd8 37. Re8+ Bf8 38. Qh6 Rxe8 39. dxe8=Q f6 40. Qhxf8#
1-0

[Event "DEM U12/U12w 2014"]
[Site "Magdeburg GER"]
[Date "2014.06.09"]
[Round "3"]
[White "Berelowitsch, Dana"]
[Black "Bierfreund, Trine Maja"]
[Result "1/2-1/2"]
[Termination "normal"]
[Board "42"]
[WhiteElo "1102"]
[BlackElo "1288"]
[PlyCount "74"]
[WhiteFideId "12977144"]
[BlackFideId "12957372"]
[EventCountry "GER"]
[EventRounds "11"]
[EventType "swiss"]
[EventDate "2014.06.07"]

1. e4 e5 2. Nf3 Nc6 3. Bb5 a6 4. Bxc6 dxc6 5. d4 exd4 6. Qxd4 Qxd4 7. Nxd4 Nf6
8. Nc3 Bb4 9. O-O O-O 10. Re1 Re8 11. f3 Bd7 12. Kh1 Rac8 13. Bf4 Nh5 14. Bd2
Bd6 15. Nce2 c5 16. Nb3 Bb5 17. Rad1 b6 18. Bc3 Be5 19. Rd5 Bxe2 20. Rxe5 Rxe5
21. Bxe5 Bb5 22. Rd1 f6 23. Bc3 Nf4 24. Be1 Ne6 25. Bg3 Ba4 26. c3 Nf8 27. Rd2
Ne6 28. h3 h6 29. Kg1 Kf7 30. Bh2 Bb5 31. g4 g5 32. Kg2 Ke7 33. Bg3 a5 34. Nc1
Ba6 35. h4 a4 36. Kf2 Bb5 37. Kg2 Ba6 1/2-1/2

[Event "DEM U12/U12w 2014"]
[Site "Magdeburg GER"]
[Date "2014.06.09"]
[Round "3"]
[White "Leimbach, Tim Vincent"]
[Black "Wolterink, Jule"]
[Result "1-0"]
[Termination "normal"]
[Board "43"]
[WhiteElo "1284"]
[BlackElo "943"]
[PlyCount "95"]
[WhiteFideId "12988600"]
[BlackFideId "12981206"]
[EventCountry "GER"]
[EventRounds "11"]
[EventType "swiss"]
[EventDate "2014.06.07"]

1. e4 e6 2. Nf3 d5 3. exd5 exd5 4. Nc3 Bg4 5. Be2 c6 6. d3 Bd6 7. Bg5 Ne7 8.
Qd2 Nd7 9. h3 Be6 10. Nd4 Nc5 11. a3 Qc7 12. b4 Nd7 13. Nxe6 fxe6 14. Bg4 e5
15. O-O O-O-O 16. Na4 Kb8 17. c4 e4 18. c5 Bh2+ 19. Kh1 Rhe8 20. d4 Ka8 21. Qe3
Qb8 22. g3 Bxg3 23. Qxg3 Qc8 24. Bf4 g6 25. Bc7 Nf5 26. Bxf5 gxf5 27. Bxd8 Rxd8
28. Qg5 Rf8 29. Rg1 Kb8 30. Qe7 Rh8 31. Rg7 h6 32. Qxd7 Rd8 33. Qxc8+ Rxc8 34.
Rh7 f4 35. Rxh6 f3 36. Rg1 a6 37. Rg7 Ka7 38. Rhh7 Rb8 39. Nb6 a5 40. bxa5 Ka6
41. h4 Ka7 42. h5 Ka6 43. h6 Ka7 44. Rxb7+ Rxb7 45. Rxb7+ Kxb7 46. h7 Ka6 47.
h8=Q Kxa5 48. Qa8+ 1-0

[Event "DEM U12/U12w 2014"]
[Site "Magdeburg GER"]
[Date "2014.06.09"]
[Round "3"]
[White "Leib, Amina"]
[Black "Gauchel, Verena"]
[Result "0-1"]
[Termination "normal"]
[Board "44"]
[WhiteElo "1076"]
[BlackElo "1273"]
[PlyCount "126"]
[WhiteFideId "12982970"]
[BlackFideId "12988537"]
[EventCountry "GER"]
[EventRounds "11"]
[EventType "swiss"]
[EventDate "2014.06.07"]

1. e4 b6 2. d4 Bb7 3. Nc3 Nf6 4. e5 Nd5 5. Nxd5 Bxd5 6. Nf3 e6 7. Bd3 d6 8. O-O
Nd7 9. Bf4 Be7 10. Qe2 dxe5 11. Nxe5 Nxe5 12. Qxe5 Bf6 13. Qxc7 Qxc7 14. Bxc7
Bxd4 15. Bb5+ Ke7 16. c3 Bf6 17. a3 Rac8 18. Bg3 Bc4 19. Bxc4 Rxc4 20. Rfd1 Rc6
21. a4 a6 22. a5 b5 23. Ra2 e5 24. Rc1 Rhc8 25. f3 b4 26. Be1 Ke6 27. Bd2 h6
28. Raa1 Bg5 29. Bxg5 hxg5 30. Kf2 bxc3 31. b3 Rd6 32. Ke1 Rd2 33. Kf1 Rb2 34.
Rab1 Rb8 35. Rxb2 cxb2 36. Rb1 Rxb3 37. Ke2 Kd5 38. Kd2 Kc4 39. Kc2 Kb4 40.
Rxb2 Rxb2+ 41. Kxb2 Kxa5 42. g4 Kb4 43. h3 Kc4 44. Kc2 a5 45. Kd2 Kb3 46. Kc1
Kc3 47. Kb1 Kd3 48. Kc1 Ke3 49. Kc2 Kxf3 50. Kd3 e4+ 51. Kd2 Kf2 52. Kd1 e3 53.
Kc2 e2 54. Kb2 e1=Q 55. Kb3 Qc1 56. h4 gxh4 57. g5 Qxg5 58. Ka2 Qb5 59. Ka1 Qb4
60. Ka2 Ke2 61. Ka1 Kd2 62. Ka2 Kc2 63. Ka1 Qb2# 0-1

[Event "DEM U12/U12w 2014"]
[Site "Magdeburg GER"]
[Date "2014.06.09"]
[Round "3"]
[White "Svane, Freja"]
[Black "Du, Jessica"]
[Result "0-1"]
[Termination "normal"]
[Board "45"]
[WhiteElo "1031"]
[BlackElo "1241"]
[PlyCount "162"]
[WhiteFideId "12940100"]
[BlackFideId "12988529"]
[EventCountry "GER"]
[EventRounds "11"]
[EventType "swiss"]
[EventDate "2014.06.07"]

1. d4 d5 2. c4 dxc4 3. Nc3 Nf6 4. e3 Bf5 5. Bxc4 e6 6. h3 Nc6 7. Bb5 a6 8.
Bxc6+ bxc6 9. Nf3 Bd6 10. O-O O-O 11. Re1 Nd5 12. Na4 Nf6 13. Nc3 Ne4 14. Nxe4
Bxe4 15. Bd2 Qf6 16. Bc3 Qe7 17. Nh2 f5 18. Qh5 Rf6 19. Qg5 Bxh2+ 20. Kxh2 Qd6+
21. g3 Qd5 22. Rg1 Rg6 23. Qe7 Qd6 24. Qh4 Qd8 25. Qf4 Qd6 26. Qh4 Rf8 27. a3
Rh6 28. Bb4 Rxh4 29. Bxd6 Rxh3+ 30. Kxh3 cxd6 31. g4 f4 32. Rgf1 Rf6 33. g5 Rg6
34. exf4 h6 35. Rg1 hxg5 36. fxg5 Bf5+ 37. Kh4 e5 38. dxe5 dxe5 39. Rac1 Kf7
40. Rc5 Re6 41. Rgc1 Be4 42. R5c4 Bd5 43. Ra4 e4 44. Rxa6 e3 45. Ra7+ Kf8 46.
fxe3 Rxe3 47. Ra8+ Kf7 48. Rf1+ Ke7 49. Rff8 Re4+ 50. Kg3 Re3+ 51. Kf4 Rf3+ 52.
Ke5 Rxf8 53. Ra7+ Kd8 54. Kd6 Ke8 55. Re7+ Kd8 56. Rd7+ Kc8 57. Ra7 Rd8+ 58.
Kc5 Rd7 59. Ra8+ Kb7 60. Ra4 Re7 61. Rb4+ Kc7 62. b3 Re5 63. Kd4 Rxg5 64. a4
Rg4+ 65. Kc5 Rxb4 66. Kxb4 g5 67. a5 g4 68. a6 g3 69. a7 Kb7 70. Ka5 g2 71. b4
g1=Q 72. b5 Qxa7+ 73. Kb4 Bc4 74. bxc6+ Kxc6 75. Kc3 Qe3+ 76. Kc2 Bf1 77. Kb2
Kb5 78. Kc2 Kb4 79. Kd1 Qe2+ 80. Kc1 Kc3 81. Kb1 Qb2# 0-1